[Event "Sucre op"]
[Site "Sucre"]
[Date "2022.10.14"]
[Round "4"]
[White "Mamani Carlo, Leonardo"]
[Black "Fernandez Guzman, Rene Rodrigo"]
[Result "1-0"]
[WhiteElo "1617"]
[BlackElo "1311"]
[PlyCount "99"]
[EventDate "2022.10.13"]
[EventType "swiss"]
[EventRounds "7"]
[EventCountry "BOL"]
[SourceTitle "CBM 210 Extra"]
[Source "ChessBase"]
[SourceDate "2022.11.30"]
[SourceVersion "1"]
[SourceVersionDate "2022.11.30"]
[SourceQuality "1"]

1. e4 e5 2. Nf3 d6 3. d4 Bg4 4. dxe5 Qe7 5. Bb5+ c6 6. Ba4 Nd7 7. Qxd6 Bxf3 8. Qxe7+ Bxe7 9. gxf3 Nxe5 10. f4 Nf3+ 11. Ke2 Nd4+ 12. Kf1 0-0-0 13. c3 Ne6 14. Bc2 Nf6 15. f5 Nc7 16. Bg5 h6 17. Be3 Kb8 18. a3 Nh7 19. Nd2 Rd7 20. h4 Rhd8 21. Nc4 f6 22. Rg1 Ne8 23. Ke2 Bd6 24. Rad1 Bc7 25. a4 Nd6 26. Nxd6 Bxd6 27. Bb3 Nf8 28. Rxd6 Rxd6 29. Bf4 Kc8 30. Bxd6 Rxd6 31. Rxg7 Rd7 32. Rg8 Rd8 33. f4 Kc7 34. Ke3 Nd7 35. Rg6 Rh8 36. Rg7 Kd6 37. h5 a6 38. Rg2 Kc7 39. Bc2 Nb6 40. Rg7+ Kc8 41. Bb3 Kb8 42. a5 Nc8 43. Rf7 Rg8 44. Rxf6 Rg2 45. Rxh6 Rxb2 46. Be6 Nd6 47. Rh8+ Ka7 48. h6 Rh2 49. f6 Rh3+ 50. Bxh3 1-0

[Event "Sucre op"]
[Site "Sucre"]
[Date "2022.10.14"]
[Round "3"]
[White "Zambrana Estrada, Breyner Andre"]
[Black "Mamani Carlo, Leonardo"]
[Result "1/2-1/2"]
[WhiteElo "1511"]
[BlackElo "1617"]
[PlyCount "126"]
[EventDate "2022.10.13"]
[EventType "swiss"]
[EventRounds "7"]
[EventCountry "BOL"]
[SourceTitle "CBM 210 Extra"]
[Source "ChessBase"]
[SourceDate "2022.11.30"]
[SourceVersion "1"]
[SourceVersionDate "2022.11.30"]
[SourceQuality "1"]

1. e4 c6 2. d4 d5 3. Nc3 dxe4 4. Nxe4 Nf6 5. Nxf6+ exf6 6. Nf3 Bg4 7. Be2 Bd6 8. 0-0 0-0 9. h3 Bh5 10. Nh4 Bxe2 11. Qxe2 Re8 12. Be3 Qd7 13. Qd3 Na6 14. a3 Nc7 15. c4 Rad8 16. Nf5 Ne6 17. Nxd6 Qxd6 18. Rad1 Nc5 19. Qf5 Ne4 20. Rd3 Qe6 21. Qxe6 fxe6 22. Rfd1 b6 23. b4 Kf7 24. d5 cxd5 25. cxd5 e5 26. f3 Nd6 27. Rc1 Rc8 28. Rdc3 Ke7 29. Rc7+ Kd8 30. Rxa7 Rxc1+ 31. Bxc1 Re7 32. Ra8+ Nc8 33. Be3 Rb7 34. a4 Kd7 35. Ra6 Kd6 36. Ra8 Ne7 37. Rd8+ Kc7 38. Rh8 Nxd5 39. Bd2 h6 40. Rh7 Kd6 41. Bxh6 Nxb4 42. Bxg7 Ke6 43. Rh4 Nd3 44. Bf8 Rc7 45. Re4 Rc1+ 46. Kh2 Rc2 47. Bh6 f5 48. Re3 Nc5 49. Bg7 e4 50. fxe4 fxe4 51. Bf8 Kd5 52. Bxc5 bxc5 53. a5 Ra2 54. Kg3 Ke5 55. h4 Rxa5 56. Kf2 c4 57. h5 Ra7 58. h6 Kd4 59. Rh3 Rh7 60. Ke2 c3 61. g4 e3 62. g5 c2 63. Rh1 Ke4 1/2-1/2

[Event "Las Americas op U1800 Hybrid"]
[Site "Internet"]
[Date "2022.06.04"]
[Round "5.8"]
[White "Navas Lopez, Leonardo Esteban"]
[Black "Mamani Carlo, Leonardo"]
[Result "1-0"]
[WhiteElo "1590"]
[BlackElo "1654"]
[PlyCount "55"]
[EventDate "2022.06.04"]
[EventType "swiss"]
[EventRounds "6"]
[EventCountry "VEN"]
[SourceTitle "EXT 2024"]
[Source "ChessBase"]
[SourceDate "2023.10.10"]
[SourceVersion "1"]
[SourceVersionDate "2023.10.10"]
[SourceQuality "1"]

1. e4 c6 2. Nf3 d5 3. Nc3 dxe4 4. Nxe4 Bf5 5. Ng3 Bg6 6. h4 h6 7. Ne5 Bh7 8. Qh5 g6 9. Bc4 e6 10. Qe2 Qe7 11. d4 Bg7 12. a3 Nd7 13. Bd2 Nxe5 14. dxe5 Qc7 15. f4 a5 16. Ne4 Bf8 17. Nd6+ Bxd6 18. exd6 Qxd6 19. Bc3 f6 20. Rd1 Qe7 21. Bxe6 Rd8 22. 0-0 b6 23. Rxd8+ Kxd8 24. Rd1+ Ke8 25. Rd7 Qc5+ 26. Bd4 Qh5 27. Bg4+ Ne7 28. Qxe7# 1-0